| 000 | 01304nam a22002417a 4500 | ||
|---|---|---|---|
| 003 | BUBTL | ||
| 008 | 231129b ||||| |||| 00| 0 eng d | ||
| 020 | _a9789849120742 | ||
| 041 | _aben | ||
| 082 | _a328.5492/ H2733n/ 2019 | ||
| 100 |
_aহাসিনা, শেখ _93866 |
||
| 245 |
_aনবম জাতীয় সংসদ প্রধানমন্ত্রীর প্রশ্নোত্তর তৃতীয় খন্ড [২০০৯-২০১৩] / _cশেখ হাসিনা |
||
| 250 | _a1st ed. | ||
| 260 |
_aDhaka : _bGourob Prokashon, _cc2019 |
||
| 300 |
_a350 p. : _c24 cm. |
||
| 505 | _aনবম জাতীয় সংসদ প্রধানমন্ত্রীর প্রশ্নোত্তর তৃতীয় খন্ড [২০০৯-২০১৩], শেখ হাসিনা, রাজনীতি, নৌপরিবহন মন্ত্রনালয়, পররাষ্ট্র মন্ত্রনালয়, পরিবেশ, বন ও জলবায়ু পরিবর্তন বিষয়ক মন্ত্রনালয় | ||
| 526 | _aAll Programs | ||
| 650 | 0 |
_95592 _aPolitical Science |
|
| 700 |
_a _95611 |
||
| 856 |
_k0 _l0 _yDownload |
||
| 942 |
_2ddc _cBK |
||
| 999 |
_c7172 _d7172 |
||